| 000 | nam a22 7a 4500 | ||
|---|---|---|---|
| 999 |
_c126163 _d126163 |
||
| 008 | 170222b xxu||||| |||| 00| 0 eng d | ||
| 050 | _aHD1333.Z5 W496 | ||
| 100 |
_aWermter, Oskar _915199 |
||
| 245 |
_aLand - God's gift to all _bZimbabwe's violent struggle over land ownership _cOskar Wermter |
||
| 260 |
_aHarare _bJesuit Communications |
||
| 300 |
_a15p. ; _c21cm. |
||
| 650 |
_aLand tenure _zZimbabwe _911112 |
||
| 942 |
_2lcc _cMONOGRAPH |
||